Statistics for Iceland Country Quiz

Click here to take the quiz!

General Stats

  • This quiz has been taken 87 times
  • The average score is 3 of 8

Answer Stats

HintAnswer% Correct
CapitalReykjavik
98%
CurrencyKrona
74%
Largest glacierVatnajokull
54%
Second largest cityKopavogur
48%
Southernmost cityVik
37%
Highest pointhvannadalshnukur
12%
#1 is on what bayFaza Bay
6%
Third largest cityHafnarfjorour
3%

Score Distribution

Percentile by Number Answered

Percent of People with Each Score

Your Score History

You have not taken this quiz